| 000 | 01027njm a22002777a 4500 | ||
|---|---|---|---|
| 005 | 20100914152621.0 | ||
| 007 | sd ammalaaahaa | ||
| 008 | 100913t xxu||||| |||| 00| 0 hin d | ||
| 028 |
_aTAE 1205 _bEMI |
||
| 035 | _aGR-02853 | ||
| 040 |
_aSED _cSED |
||
| 100 |
_aMohd Rafi _91184 |
||
| 245 |
_aChhan Chan karti ab delhi dur nahi / _cby Mohd Rafi ...[and] _h[sound recording] : |
||
| 246 | _aछन छन करती अब डेल्ही दूर नहीं / | ||
| 260 |
_aDum Dum India _bEMI _c1965 |
||
| 300 |
_a1 sound disc [Gramophone record] : _banalog, 45 rpm _c7.5 in. (SP) _fGramophone Record |
||
| 500 | _aBrief Record | ||
| 500 | _aRecord label :EMI, Red | ||
| 505 | _aSide २ चंदा मामा वचन (Chands mama vachan ) (Asha Bohsle ) | ||
| 600 |
_aMohd Rafi _919992 |
||
| 650 |
_aFilm Songs _xExcerpts _zIndia _919603 |
||
| 700 | _919604 | ||
| 700 | _919605 | ||
| 942 |
_2ddc _cGR |
||
| 999 |
_c46074 _d46074 |
||